000 00879nam a22003017a 4500
001 4871
003 FISKH
005 20260304090229.0
008 241022b cb ||||| |||| 00| 0 eng d
020 _a9780156309509
040 _aFISKH
_beng
_cFISKH
_dFISKH
050 _aPZ7.L6637
082 _a636.7
100 _aLipkind, Will
_d(1904–1974)
245 _aFinders Keepers /
_cby Will and Nicolas
250 _a1979
260 _aNew York :
_bVoyager,
_c1979.
300 _a28 pages :
_bColor illustrations ;
_c28 cm
505 _aN
520 _aTwo dogs each claim a bone they have found and ask passersby for help in deciding ownership.
521 8 _a540L
_bLexile
521 8 _aN
_bRaz-Plus
650 _2Animals
_aChildren's
650 _2Picture book
_aFiction
700 _aMordvinoff, Nicolas
_dIllustrator
942 _2ddc
_cBK
_n0
999 _c4871
_d4871